Political communication and Democracy (Record no. 4705)
[ view plain ]
| 000 -LEADER | |
|---|---|
| fixed length control field | 00461nam a2200169Ia 4500 |
| 020 ## - INTERNATIONAL STANDARD BOOK NUMBER | |
| ISBN | 1-4039-4254-4 |
| 082 ## - DEWEY DECIMAL CLASSIFICATION NUMBER | |
| Classification number | 320.014 RAW-P |
| 100 ## - MAIN ENTRY--AUTHOR NAME | |
| Personal name | Rawnsley, Gary D. |
| 245 #0 - TITLE STATEMENT | |
| Title | Political communication and Democracy |
| 260 ## - PUBLICATION, DISTRIBUTION, ETC. (IMPRINT) | |
| Place of publication | Hampshire |
| Name of publisher | Palgrave Macmillan |
| Year of publication | 2005 |
| 300 ## - PHYSICAL DESCRIPTION | |
| Number of Pages | xii, 239 |
| 504 ## - BIBLIOGRAPHY, ETC. NOTE | |
| Bibliography, etc | includes bibliographical references and index |
| 650 ## - SUBJECT ADDED ENTRY--TOPICAL TERM | |
| Topical Term | Communication in politics |
| 650 ## - SUBJECT ADDED ENTRY--TOPICAL TERM | |
| Topical Term | Democracy |
| 650 ## - SUBJECT ADDED ENTRY--TOPICAL TERM | |
| Topical Term | Political Science |
| 942 ## - ADDED ENTRY ELEMENTS (KOHA) | |
| Koha item type | Books |
| Withdrawn status | Lost status | Damaged status | Not for loan | Home library | Current library | Date acquired | Source of acquisition | Bill Date | Full call number | Accession Number | Price effective from | Koha item type |
|---|---|---|---|---|---|---|---|---|---|---|---|---|
| NASSDOC Library | NASSDOC Library | 16/03/2006 | GOVIND | 2006-03-06 | 320.014 RAW-P | 41443 | 18/04/2019 | Books |
